|
|
|
|
| LEADER |
00000cam a2200000 4500 |
| 001 |
vtls012002126 |
| 003 |
SK-MaSNL |
| 005 |
20260301203517.0 |
| 008 |
201106s2020 xr oa frnp 001 0 cze |
| 015 |
|
|
|a SNBZSA2023/03
|
| 020 |
|
|
|a 9788074924903
|q (viazané)
|
| 040 |
|
|
|a SNK
|b slo
|c SNK
|e rda
|
| 041 |
0 |
|
|a cze
|
| 044 |
|
|
|a xr
|c CZ
|
| 072 |
|
7 |
|a 616.31
|x Stomatológia
|2 konspekt
|
| 072 |
|
7 |
|a 37.016
|x Učebné osnovy. Vyučovacie predmety. Učebnice
|2 konspekt
|
| 080 |
|
|
|a 616.31
|2 2011
|
| 080 |
|
|
|a 616.314.25/.26
|2 2011
|
| 080 |
|
|
|a 616-07
|2 2011
|
| 080 |
|
|
|a 616-08
|2 2011
|
| 080 |
|
|
|a (048.8:082)
|2 2011
|
| 080 |
|
|
|a (075)
|2 2011
|
| 080 |
|
|
|a 616.314.2
|2 2011
|
| 100 |
1 |
|
|a Kamínek, Milan,
|d 1938-
|4 aut
|9 376983
|
| 245 |
1 |
0 |
|a Ortodoncie
|c Milan Kamínek et al.
|
| 250 |
|
|
|a Druhé vydání
|
| 264 |
|
1 |
|a Praha
|b Galén
|c [2020]
|
| 264 |
|
4 |
|c ©2020
|
| 300 |
|
|
|a xi, 246 strán
|b ilustrácie (niektoré farebné)
|c 29 cm
|
| 336 |
|
|
|a text
|b txt
|2 rdacontent
|
| 337 |
|
|
|a bez média
|b n
|2 rdamedia
|
| 338 |
|
|
|a zväzok
|b nc
|2 rdacarrier
|
| 490 |
1 |
|
|a Zubní lékařství
|
| 504 |
|
|
|a Obsahuje bibliografie a register
|
| 521 |
8 |
|
|a Určené odbornej verejnosti
|
| 650 |
0 |
7 |
|a ortodoncia
|2 SNKPH
|9 19517
|
| 650 |
0 |
7 |
|a zhryz
|2 SNKPH
|9 587089
|
| 650 |
0 |
7 |
|a diagnostika (medicína)
|2 SNKPH
|9 28740
|
| 650 |
0 |
7 |
|a terapia
|2 SNKPH
|9 781
|
| 655 |
|
7 |
|a kolektívne monografie
|2 SNKPH
|9 249850
|
| 655 |
|
7 |
|a učebné texty
|2 SNKPH
|9 70568
|
| 830 |
|
0 |
|a Zubní lékařství (Galén)
|9 587090
|
| 919 |
|
|
|a 978-80-7492-490-3
|
| 954 |
|
|
|a odborná, vedecká literatúra cudzojazyčná (svetová)
|2 lita
|
| 958 |
|
|
|a CZ
|
| 958 |
|
|
|a MI
|
| 958 |
|
|
|a NB
|
| 958 |
|
|
|a ZS
|
| 999 |
|
|
|c 902886
|d 904816
|
| 952 |
|
|
|a SNK
|b SNK
|y PREZ
|7 0
|p 17A1457290
|o snkSB 97015
|i snk2021/11302
|8 4
|g 56.82
|0 0
|1 0
|4 0
|d 2021-06-09
|f 1
|l 0
|r 2025-05-19 00:00:00
|w 2026-02-24
|
| 952 |
|
|
|t snkKAM 616.31
|a SNKUST
|b SNKUST
|y PREZ
|7 0
|p 17A1457291
|o snkSB 97015 D1
|i snk2021/11303
|8 4
|g 56.82
|0 0
|1 0
|4 0
|d 2021-06-09
|l 0
|r 2025-04-29 00:00:00
|w 2026-02-24
|